Organizational Behaviour (Record no. 730)

MARC details
000 -LEADER
fixed length control field 00431nam a22001697a 4500
005 - DATE AND TIME OF LATEST TRANSACTION
control field 20180725103050.0
008 - FIXED-LENGTH DATA ELEMENTS--GENERAL INFORMATION
fixed length control field 160513b xxu||||| |||| 00| 0 eng d
020 ## - INTERNATIONAL STANDARD BOOK NUMBER
ISBN 978-81-203-3565-3
041 ## - LANGUAGE CODE
Language code of text/sound track or separate title eng
082 ## - DEWEY DECIMAL CLASSIFICATION NUMBER
Item number 1942
Classification number 658.3
100 ## - MAIN ENTRY--AUTHOR NAME
Personal name Stephen P. Robbins Timothy A. Judge
245 ## - TITLE STATEMENT
Title Organizational Behaviour
260 ## - PUBLICATION, DISTRIBUTION, ETC. (IMPRINT)
Place of publication New Delhi
Name of publisher PHI,
Year of publication new delhi
300 ## - PHYSICAL DESCRIPTION
Number of Pages 681p,
650 ## - SUBJECT ADDED ENTRY--TOPICAL TERM
Topical Term Management
942 ## - ADDED ENTRY ELEMENTS (KOHA)
Koha item type Books
Holdings
Lost status Damaged status Collection code Home library Current library Shelving location Date acquired Full call number Accession Number Koha item type
    MANAGEMENT JRU Library JRU Library   13/05/2016 658.3 1942 Books
    MANAGEMENT JRU Library JRU Library SHELF-64-E 13/05/2016 658.3 1943 Books
    MANAGEMENT JRU Library JRU Library SHELF-64-E 13/05/2016 658.3 1944 Books
    MANAGEMENT JRU Library JRU Library SHELF-64-E 13/05/2016 658.3 1945 Books
    MANAGEMENT JRU Library JRU Library SHELF-28-A 13/05/2016 658.3 1946 Books
    MANAGEMENT JRU Library JRU Library   13/05/2016 658.3 1947 Books